000 00698nam a2200241 a 4500
001 64604
003 BD-RjUL
005 20211209081327.0
008 170216r19571950enkb b 001 0 eng d
035 _a(BD-RjUL)
040 _aNZOC
_beng
_cNZOC
_dBD-RjUL
041 _aeng
082 0 4 _a993
_223
_bMIN 1957
100 1 _aMiller, Harold,
_d1898-
_9191610
245 1 0 _aNew Zealand /
_cby Harold Miller.
260 _aLondon :
_bHutchinson's University Library,
_c1950 [Fourth impression 1957]
300 _a155 p. :
_bill. ;
_c19 cm.
500 _aIncludes index.
504 _aBibliography: p. 147-150.
510 4 _aBagnall
_cM1691
651 0 _aNew Zealand
_xHistory.
_9191611
942 _2ddc
_cBK
999 _c64604
_d64604